Sindh's Fight for Pakistan (Record no. 8749)
[ view plain ]
| 000 -LEADER | |
|---|---|
| fixed length control field | 00266nam a2200109 4500 |
| 082 ## - DEWEY DECIMAL CLASSIFICATION NUMBER | |
| Classification number | 954.7039KHA |
| 100 ## - MAIN ENTRY--AUTHOR NAME | |
| Personal name | Khalid, Shamsul Hassan |
| 245 ## - TITLE STATEMENT | |
| Title | Sindh's Fight for Pakistan |
| 260 ## - PUBLICATION, DISTRIBUTION, ETC. (IMPRINT) | |
| Place of publication | Karachi: |
| Name of publisher | Shamsul Hassan Foundation, |
| Year of publication | 1992. |
| 300 ## - PHYSICAL DESCRIPTION | |
| Number of Pages | 260p. ; |
| 942 ## - ADDED ENTRY ELEMENTS (KOHA) | |
| Koha item type | Books |
| Withdrawn status | Lost status | Home library | Current library | Date acquired | Full call number | Accession Number | Koha item type |
|---|---|---|---|---|---|---|---|
| Reference Section | Reference Section | 12/08/2014 | 954.7039KHA(Shelf - 98A) | 22480 | Books | ||
| Seminar Library, Mathematics & Statis. | Seminar Library, Mathematics & Statis. | 12/08/2014 | 954.7039KHA | 22481 | Books |